व्यवसाय संघटन (Record no. 323785)

MARC details
000 -LEADER
fixed length control field 00618nam a2200169Ia 4500
008 - FIXED-LENGTH DATA ELEMENTS--GENERAL INFORMATION
fixed length control field 090711s9999 xx 000 0 und d
082 ## - DEWEY DECIMAL CLASSIFICATION NUMBER
Item number 323
100 ## - MAIN ENTRY--PERSONAL NAME
Personal name गोसावी मो. स. आणि इतर
245 ## - TITLE STATEMENT
Title व्यवसाय संघटन
260 ## - PUBLICATION, DISTRIBUTION, ETC. (IMPRINT)
Name of publisher, distributor, etc कॉन्टीनेन्टल प्रकाशन
Date of publication, distribution, etc 1974
300 ## - PHYSICAL DESCRIPTION
Extent 472
600 ## - SUBJECT ADDED ENTRY--PERSONAL NAME
Personal name गोसावी मो. स. आणि इतर
630 ## - SUBJECT ADDED ENTRY--UNIFORM TITLE
Uniform title व्यवसाय संघटन
700 ## - ADDED ENTRY--PERSONAL NAME
Personal name गोसावी मो. स. आणि इतर
730 ## - ADDED ENTRY--UNIFORM TITLE
Uniform title व्यवसाय संघटन
942 ## - ADDED ENTRY ELEMENTS (KOHA)
Koha item type Book

No items available.